Technologische Betriebsprojektierung : Grundlagen-Werkstätten /

Gespeichert in:
Bibliographische Detailangaben
1. Verfasser: Rockstroh, Wolfgang (Verfasst von)
Format: Buch
Sprache:Deutsch
Veröffentlicht: Berlin : VEB Verlag Technik, 1971
Schlagworte:
Tags: Tag hinzufügen
Keine Tags, Fügen Sie das erste Tag hinzu!

MARC

LEADER 00000nam a22000003a 4500
001 stu41393
005 20150617225701.7
008 931123s1971----gw------------------ger-d
040 |a STU  |b slo 
041 0 |a ger 
044 |a gw 
080 |a 621 
080 |a 725.4  |7 stu_us_auth*stu4022 
100 1 |a Rockstroh, Wolfgang  |4 aut 
245 1 |a Technologische Betriebsprojektierung :  |b Grundlagen-Werkstätten /  |c [aut.]Wolfgang Rockstroh 
260 |a Berlin :  |b VEB Verlag Technik,  |c 1971 
300 |a 192 s 
650 7 |a Projektovanie technologické  |2 stusub 
996 |b 284M012486  |c M*5642-1  |l MMKN  |s A  |a 24  |w stu41393_0001